Taylor Swift Discography - Statistics

General Stats
  • This quiz has been taken 14 times
  • The average score is 89 of 245
Answer Stats
Hint Answer % Correct
15 Ours
100%
11 Our Song
100%
2 Cruel Summer
88%
2 Picture to Burn
88%
3 Teardrops On My Guitar
88%
1 Tim McGraw
88%
4 A Place in This World
75%
5 Cold as You
75%
1 Fearless
75%
13 Invisible
75%
3 Lover
75%
10 Mary's Song (Oh My My My)
75%
16 ME!
75%
4 The Man
75%
5 All Too Well
63%
30 All Too Well (10 Minute Version)
63%
14 A Perfectly Good Heart
63%
2 Blank Space
63%
2 cardigan
63%
15 evermore
63%
1 I Forgot That You Existed
63%
6 Look What You Made Me Do
63%
3 Love Story
63%
7 Miss Americana & The Heartbreak Prince
63%
2 Red
63%
7 seven
63%
9 Should've Said No
63%
4 Speak Now
63%
5 The Archer
63%
3 the last great american dynasty
63%
10 The Way I Loved You
63%
9 this is me trying
63%
7 Tied Together With a Smile
63%
1 Welcome To New York
63%
14 You Need To Calm Down
63%
6 22
50%
8 august
50%
8 Bad Blood
50%
22 Bad Blood [feat. Kendrick Lamar]
50%
14 betty
50%
14 Call It What You Want
50%
5 Dear John
50%
5 Delicate
50%
2 Elizabeth Taylor
50%
9 Enchanted
50%
2 Fifteen
50%
1 Fortnight
50%
3 gold rush
50%
4 Hey Stephen
50%
3 I Did Something Bad
50%
4 I Knew You Were Trouble
50%
10 illicit affairs
50%
12 I'm Only Me When I'm With You
50%
21 Is It Over Now?
50%
6 I Think He Knows
50%
14 Jump Then Fall
50%
12 mad woman
50%
6 Mean
50%
3 Opalite
50%
4 Out of the Woods
50%
15 peace
50%
1 ...Ready For It?
50%
16 right where you left me
50%
6 Shake It Off
50%
1 State of Grace
50%
20 State of Grace (Acoustic Version)
50%
8 Stay Beautiful
50%
1 the 1
50%
1 The Fate of Ophelia
50%
17 the lakes
50%
12 The Life of a Showgirl
50%
19 The Other Side Of The Door
50%
6 The Outside
50%
7 The Story of Us
50%
8 We Are Never Ever Getting Back Together
50%
5 White Horse
50%
15 Afterglow
38%
3 Anti-Hero
38%
16 Begin Again
38%
22 Better Man
38%
10 Better Than Revenge
38%
10 CANCELLED!
38%
20 Castles Crumbling
38%
16 Clara Bow
38%
14 closure
38%
18 Come Back... Be Here
38%
11 cowboy like me
38%
11 Dancing With Our Hands Tied
38%
18 Daylight
38%
10 Death By A Thousand Cuts
38%
4 Don't Blame Me
38%
25 Don't You
38%
8 dorothea
38%
4 Down Bad
38%
12 Dress
38%
5 Eldest Daughter
38%
17 Electric Touch
38%
13 epiphany
38%
4 exile
38%
13 False God
38%
4 Father Figure
38%
11 Forever and Always
38%
16 Forever and Always (Piano Version)
38%
8 Gorgeous
38%
7 happiness
38%
12 Haunted
38%
16 hoax
38%
11 Honey
38%
19 I Can See You
38%
17 It's Nice To Have A Friend
38%
17 it's time to go
38%
11 Karma
38%
10 King Of My Heart
38%
1 Lavender Haze
38%
11 London Boy
38%
1 Mine
38%
6 mirrorball
38%
22 Mr. Perfectly Fine
38%
5 my tears ricochet
38%
15 New Year's Day
38%
6 no body, no crime
38%
8 Paper Rings
38%
28 Run
38%
22 So High School
38%
12 Soon You'll Get Better
38%
2 Sparks Fly
38%
3 Style
38%
24 That's When
38%
12 The Best Day
38%
17 The Black Dog
38%
26 The Prophecy
38%
2 The Tortured Poets Department
38%
13 This Is Why We Can't Have Nice Things
38%
5 tolerate it
38%
9 Wildest Dreams
38%
1 willow
38%
9 Wood
38%
21 You All Over Me
38%
6 You Belong With Me
38%
7 Actually Romantic
25%
5 All You Had To Do Was Stay
25%
3 Back to December
25%
7 Breathe
25%
6 But Daddy I Love Him
25%
26 Bye Bye Baby
25%
13 Clean
25%
17 Come In With The Rain
25%
9 coney island
25%
9 Cornelia Street
25%
2 End Game
25%
21 Foolish One
25%
27 Forever Winter
25%
9 Getaway Car
25%
19 Girl At Home
25%
9 Guilty as Sin?
25%
21 Hits Different
25%
21 How Did It End?
25%
10 How You Get The Girl
25%
7 I Almost Do
25%
26 I Bet You Think About Me
25%
11 Innocent
25%
11 invisible strings
25%
10 ivy
25%
7 I Wish You Would
25%
14 Long Live
25%
12 long story short
25%
25 Message in a Bottle
25%
6 Midnight Rain
25%
3 My Boy Only Breaks His Favorite Toys
25%
8 Never Grow Up
25%
16 New Romantics
25%
23 Nothing New
25%
19 Now That We Don't Talk
25%
7 Question...?
25%
6 Ruin the Friendship
25%
18 Say Don't Go
25%
17 "Slut!"
25%
4 Snow On The Beach
25%
7 So It Goes...
25%
5 So Long, London
25%
15 Starlight
25%
9 Stay Stay Stay
25%
20 Suburban Legends
25%
16 Superman
25%
18 Superstar
25%
8 Tell Me Why
25%
15 The Alchemy
25%
29 The Bolter
25%
10 The Last Time
25%
31 The Manuscript
25%
29 The Very First Night
25%
11 This Love
25%
22 Timeless
25%
4 'tis the damn season
25%
20 Today Was A Fairytale
25%
3 Treacherous
25%
23 We Were Happy
25%
18 When Emma Falls in Love
25%
8 Wi$h Li$t
25%
14 Wonderland
25%
9 You're Not Sorry
25%
5 You're On Your Own Kid
25%
24 Babe
13%
9 Bejeweled
13%
15 Bigger Than The Whole Sky
13%
13 Change
13%
20 Chloe or Sam or Sophia or Marcus
13%
20 Dear Reader
13%
14 Everything Has Chnaged
13%
8 Florida!!!
13%
7 Fresh Out The Slammer
13%
18 Glitch
13%
11 Holy Ground
13%
11 I Can Fix Him (No Really I Can)
13%
23 I Hate It Here
13%
12 I Know Places
13%
18 imgonnagetyouback
13%
13 Last Kiss
13%
13 marjorie
13%
2 Maroon
13%
13 Mastermind
13%
16 Paris
13%
21 Ronan
13%
12 Sad Beautiful Tragic
13%
2 shampagne problems
13%
12 Sweet Nothing
13%
24 thanK you aIMee
13%
19 The Albatross
13%
13 The Lucky One
13%
17 The Moment I Knew
13%
14 The Smallest Man Who Ever Lived
13%
15 Untouchable
13%
8 Vigilante Shit
13%
10 Who's Afraid of Little Old Me?
13%
19 Would've, Could've, Should've
13%
15 You Are In Love
13%
27 Cassandra
0%
17 High Infidelity
0%
13 I Can Do It With a Broken Heart
0%
25 I Look in People's Windows
0%
10 Labyrinth
0%
12 loml
0%
28 Peter
0%
30 Robin
0%
14 The Great War
0%
No matching quizzes found
Score Distribution
Percent of People with Each Score
Percentile by Number Answered
Your Score History
You have not taken this quiz